<The> journey from bureaucracy to TQM.

Odbor zdravotníctva Námorných síl USA sa rozhodol uplatniť Demingove princípy v systéme totálneho riadenia akosti (TQM) u všetkých svojich zložiek. Očakáva sa zvýšená efektívnosť využívania klesajúcich zdrojov, riešenie nespokojnosti s činnosťou Odboru a preklenutie v nazeraní na služby zdravotníctv...

Ausführliche Beschreibung

Gespeichert in:
Bibliographische Detailangaben
1. Verfasser: Zentmyer, R.K
Weitere Verfasser: Zimble, J.A
Format: Buchkapitel
Sprache:Englisch
Schlagworte:
Tags: Tag hinzufügen
Keine Tags, Fügen Sie das erste Tag hinzu!

MARC

LEADER 00000naa a2200000 4500
001 r006284
005 20221213084418.1
041 0 |a eng 
044 |a US 
245 1 0 |a <The> journey from bureaucracy to TQM.  |c R.K. Zentmyer, J.A. Zimble 
520 |a Odbor zdravotníctva Námorných síl USA sa rozhodol uplatniť Demingove princípy v systéme totálneho riadenia akosti (TQM) u všetkých svojich zložiek. Očakáva sa zvýšená efektívnosť využívania klesajúcich zdrojov, riešenie nespokojnosti s činnosťou Odboru a preklenutie v nazeraní na služby zdravotníctva zo strany organizácie a pacienta. Budovaná infraštruktúra na zavedenie TQM, princípy, výhľady ap. 
610 2 0 |a riadenie kvality 
610 2 0 |a zdravotníctvo 
610 2 0 |a USA 
610 2 0 |a infraštruktúra 
100 1 |a Zentmyer, R.K. 
700 1 |a Zimble, J.A.